MARC

LEADER 00000nam0a2200000 4500
001 310005
005 20231102002239.0
035 |a (RuTPU)RU\TPU\book\335346 
090 |a 310005 
100 |a 20151119d1981 m y0rusy50 ca 
101 0 |a rus 
102 |a RU 
105 |a a j 001zy 
200 1 |a Введение в проекционно-сеточные методы  |e учебное пособие для вузов  |f Г. И. Марчук, В. И. Агошков 
210 |a Москва  |c Наука  |d 1981 
215 |a 416 с.  |c ил. 
320 |a Библиогр.: с. 411-414 
320 |a Предм. указ.: с. 415-416 
606 1 |a Конечных элементов метод  |2 stltpush  |3 (RuTPU)RU\TPU\subj\15366  |9 41614 
610 1 |a проекционные методы 
610 1 |a алгоритмы 
610 1 |a метод Ритца 
610 1 |a метод Бубнова-Галеркина 
610 1 |a метод наименьших квадратов 
610 1 |a метод моментов 
610 1 |a финитные функции 
610 1 |a аппроксимация 
610 1 |a задачи 
610 1 |a математическая физика 
610 1 |a задача Дирихле 
610 1 |a интегральные тождества 
610 1 |a теория переноса 
610 1 |a учебные пособия 
610 1 |a учебные пособия 
675 |a 517.96  |v 4 
700 1 |a Марчук  |b Г. И.  |g Гурий Иванович 
701 1 |a Агошков  |b В. И.  |g Валерий Иванович 
801 1 |a RU  |b 63413507  |c 20151119 
801 2 |a RU  |b 63413507  |c 20191114  |g RCR 
942 |c BK